000 01221cam a2200361 i 4500
001 17726882
003 OSt
005 20251006113222.0
008 130507s2012 ii 000 0 eng
010 _a 2013317674
025 _aI-E-2013-317674; 10-90
035 _a17726882
037 _bLibrary of Congress -- New Delhi Overseas Office
040 _aLC
_beng
_cLC
_eLC
_dLC
042 _alcode
_apcc
050 0 0 _aLC903
_b.I8575 2012
245 0 0 _aIslam, education and science /
_cedited by Obaidur Rahman Nadwi.
250 _a1st Edition.
264 1 _aMalda :
_bMazhar Education and Welfare Society,
_c2012.
300 _a270 pages ;
_c21 cm
336 _atext
_2rdacontent
337 _aunmediated
_2rdamedia
338 _avolume
_2rdacarrier
650 0 _aIslamic education.
_91192
650 0 _aMuslims
_xEducation.
_91193
650 0 _aIslam and science.
_91194
700 1 _aNadwi, Obaidur Rahman.
_91195
710 2 _aMazhar Education and Welfare Society (India)
_91196
856 4 1 _3Table of contents only
_uhttp://www.loc.gov/catdir/toc/fy14pdf02/2013317674.html
906 _a7
_bcbc
_corigode
_d3
_encip
_f20
_gy-gencatlg
942 _2lcc
_cBK
_kLC903
_m.I8575 2012
999 _c8561
_d8561